Statistics for Westeros & Essos Locations Map Quiz

Click here to take the quiz!

General Stats

  • This quiz has been taken 512 times
  • The average score is 30 of 79

Answers on the Map

Answers color-coded by a green-red scale on the quiz's map according to % correct below.
 

Answer Stats

Answer% Correct
Castle Black
82%
Winterfell
80%
Eastwatch-by-the-Sea
76%
Dragonstone
72%
Craster's Keep
69%
Casterly Rock
68%
King's Landing
68%
Pyke
68%
Lannisport
65%
Braavos
64%
The Eyrie
64%
White Harbor
64%
Hardhome
62%
Sunspear
62%
Harrenhal
61%
Valyria
60%
Dreadfort
59%
Oldtown
58%
Storm's End
57%
The Twins
57%
Shadow Tower
56%
Moat Cailin
55%
Deepwood Motte
54%
Riverrun
54%
Karhold
53%
Last Hearth
53%
Highgarden
52%
Astapor
51%
Bloody Gate
51%
Pentos
51%
Asshai
50%
Meereen
50%
Gulltown
47%
Volantis
45%
Yunkai
44%
Lys
41%
Qarth
41%
Vaes Dothrak
40%
Summerhall
39%
Evenfall Hall
36%
Port of Ibben
36%
Myr
35%
Maidenpool
34%
Horn Hill
29%
New Ghis
29%
Old Ghis
28%
Qohor
28%
Crag
27%
Norvos
27%
Tyrosh
27%
Crakehall
26%
Five Forts
26%
Lorath
24%
Planky Town
23%
Vaes Tolorro
22%
Bitterbridge
21%
Yin
21%
Leng Ma
19%
Stygai
19%
Godsgrace
16%
Mantarys
15%
Port Moraq
15%
Wendish Town
15%
High Hermitage
14%
Ny Sar
14%
Three Towers
14%
Vulture's Roost
14%
Stonehelm
13%
Bayasabhad
12%
Deep Den
12%
Grassy Vale
12%
Blackhaven
11%
Kayakayanaya
11%
Nightsong
11%
Saath
11%
Nefer
9%
Shamyriana
9%
Ghozai
8%
Kosrak
8%

Score Distribution

Percentile by Number Answered

Percent of People with Each Score

Your Score History

You have not taken this quiz